La ciudad de las ideas : (Record no. 5210)
[ view plain ]
| 000 -CABECERA | |
|---|---|
| campo de control de longitud fija | 00869nam a2200241 a 4500 |
| 001 - NÚMERO DE CONTROL | |
| campo de control | 000005410 |
| 005 - FECHA Y HORA DE LA ÚLTIMA TRANSACCIÓN | |
| campo de control | 20200929151653.0 |
| 008 - DATOS DE LONGITUD FIJA--INFORMACIÓN GENERAL | |
| campo de control de longitud fija | 090819s2001 es a 001 spa d |
| 020 ## - NÚMERO INTERNACIONAL ESTÁNDAR DEL LIBRO | |
| Número Internacional Estándar del Libro | 8400060334 |
| 040 ## - FUENTE DE LA CATALOGACIÓN | |
| Centro catalogador/agencia de origen | DO-SdBNP |
| Lengua de catalogación | spa |
| Centro/agencia transcriptor | BNPHU |
| 082 ## - NÚMERO DE LA CLASIFICACIÓN DECIMAL DEWEY | |
| Número de clasificación | 821 |
| Número de documento/Ítem | F363c |
| 049 ## - FONDOS LOCALES (OCLC) | |
| Fondos de biblioteca | En proceso |
| 100 1# - ENTRADA PRINCIPAL--NOMBRE DE PERSONA | |
| Nombre de persona | Fernández González, Vicente |
| 9 (RLIN) | 15360 |
| 245 13 - MENCIÓN DE TÍTULO | |
| Título | La ciudad de las ideas : |
| Resto del título | sobre la poesía de C. P. Cavafis y sus traducciones castellanas / |
| Mención de responsabilidad, etc. | Vicente Fernández González. |
| 260 ## - PUBLICACIÓN, DISTRIBUCIÓN, ETC. | |
| Lugar de publicación, distribución, etc. | Madrid, : |
| Nombre del editor, distribuidor, etc. | Consejo superior de Investigaciones Científicas, |
| Fecha de publicación, distribución, etc. | 2001. |
| 300 ## - DESCRIPCIÓN FÍSICA | |
| Extensión | 459 p. : |
| Otras características físicas | ill |
| Extensión | 24 cm. |
| 440 #0 - MENCIÓN DE SERIE/PUNTO DE ACCESO ADICIONAL--TÍTULO | |
| Título | Nueva Roma |
| Designación de volumen o secuencia | 13 |
| 9 (RLIN) | 15353 |
| 500 ## - NOTA GENERAL | |
| Nota general | Incluye referencias bibliográficas y notas al pie de las páginas |
| 500 ## - NOTA GENERAL | |
| Nota general | Incluye tabla de contenido |
| 650 #4 - PUNTO DE ACCESO ADICIONAL DE MATERIA--TÉRMINO DE MATERIA | |
| Término de materia o nombre geográfico como elemento de entrada | Poesia inglesa |
| 9 (RLIN) | 6807 |
| 650 #4 - PUNTO DE ACCESO ADICIONAL DE MATERIA--TÉRMINO DE MATERIA | |
| Término de materia o nombre geográfico como elemento de entrada | Literatura inglesa |
| 9 (RLIN) | 498 |
| 830 #0 - PUNTO DE ACCESO ADICIONAL DE SERIE-TÍTULO UNIFORME | |
| Título uniforme | Nueva Roma |
| Número de parte o sección de la obra | 13 |
| 9 (RLIN) | 15361 |
| Estado de retiro | Estado de pérdida | Restricciones de uso | No para préstamo | Código de colección | Localización permanente | Ubicación/localización actual | Ubicación en estantería | Fecha de adquisición | Número de inventario | Total de préstamos | Signatura topográfica completa | Código de barras | Fecha visto por última vez | Precio válido a partir de | Tipo de ítem Koha |
|---|---|---|---|---|---|---|---|---|---|---|---|---|---|---|---|
| Préstamo interno | Monografías: Libros y Folletos | General | General | Depósito | 21.08.2009 | LF1 | 821 F363c | 5410-10 | 25.06.2020 | 25.06.2020 | Préstamo interno | ||||
| Monografías: Libros y Folletos | Patrimonio Dominicano | Patrimonio Dominicano | Orden iniciada | 05.06.2017 | LF1 | 821 F363c | 5410-20 | 25.06.2020 | 25.06.2020 | No se presta |
